Quantitative methods for decision makers / (Record no. 699)

MARC details
000 -LEADER
fixed length control field 01033cam a22001694a 4500
020 ## - INTERNATIONAL STANDARD BOOK NUMBER
ISBN 0273687891
050 00 - CALL NUMBER
Classification number HD30.23
Item number .W566 2006
100 1# - AUTHOR
Personal name Wisniewski, Mik.
245 10 - TITLE
Title Quantitative methods for decision makers /
Statement of responsibility, etc Mik Wisniewski.
250 ## - EDITION
Edition statement 4th ed.
260 ## - PUBLICATION INFORMATION
Place of publication Harlow, England ;
-- New York :
Name of publisher Prentice Hall/Financial Times,
Year of publication 2006.
300 ## - DESCRIPTION
Number of Pages xix, 592 p. :
Other physical details ill. (some col.) ;
Dimensions 27 cm.
505 ## - FORMATTED CONTENTS NOTE
Table of Content 1. Introduction --<br/>2. Tools of the trade --<br/>3. Presenting management information --<br/>4. Management statistics --<br/>5. Probability and probability distributions --<br/>6. Decision making under uncertainty --<br/>7. Market research and statistical inference --<br/>8. Quality control and quality management --<br/>9. Forecasting I : moving averages and time series --<br/>10. Forecasting II : regression --<br/>11. Linear programming --<br/>12. Stock control --<br/>13. Project management --<br/>14. Simulation --<br/>15. Financial decision making.
650 #0 - SUBJECTS
Topical Term Decision making
General subdivision Mathematical models.
650 #0 - SUBJECTS
Topical Term Management science.
942 ## - ADDED ENTRY ELEMENTS (KOHA)
Koha item type Books
Holdings
Withdrawn status Lost status Collection code Home library Current library Shelving location Date acquired Full call number Accession Number Koha item type
    Reference Methodist University Library Main Methodist University Library Main General Stacks 03/11/2017 HD30.23 .W566 18749 Books
    Reference Methodist University Library Main Methodist University Library Main General Stacks 03/11/2017 HD30.23 .W566   Books
    Reference Methodist University Library Main Methodist University Library Main General Stacks 03/11/2017 HD30.23 .W566   Books
Copyright © 2026  MUG Library